000 00635cam a22002052 4500
001 0000024430
005 20151217155236.0
008 130917s xx 000 0 eng d
020 _a1452230023 :
040 _aKABU
_cKABU
100 1 _aLippman, Matthew.
_@0000180717
245 1 0 _aContemporary criminal law :
_bconcepts, cases, and controversies /
_cMatthew Lippman.
250 _a3rd ed.
260 _aLondon :
_bSAGE,
_c2013.
300 _a1 v. (various pagings)
650 0 _aCriminal law
_zUnited States.
_@0000153154
852 1 _9p7533 KES
908 _a130917
950 _@1
999 _c12233
_d12233